01353nam a22002417a 45000010005000000030006000050050017000110080041000280200018000690400029000870500009001160820014001251000020001392450049001592500035002082600047002433000064002905050007003545200661003615210028010225210018010506500043010686063FISKH20250305090853.0250305b cb ||||| |||| 00| 0 eng d a9780207198663 aFISKHbengcFISKHdFISKH aPZ7  a398.20994 aTrezise, Percy  aLand of the Dingo people /cby Percy Trezise aThis edition published in 2015 aNew York : Harper Collins Publisher, 1997  a30 unnumbered pages : bcolor illustrations ; c21 x 26 cm  aR  aThree Kadimakara children are washed up in the land of the Dingo People. the Dingo People want to help them find their way home and lead Jadianta, Lande and Jalmor to the river. Suddenly a crocodile rears up and takes one of the Dingo children. Jadianta, Lande and Jalmor survive and are now in the land of the Magpie Goose. It has been suggested by scientists that during the Ice Age, the Gulf of Carpentaria dried up forming a land bridge between Australia and New Guinea. Aboriginal oral history also recalls a huge shallow lake; the aquatic life, people and events forming part of the legends. Percy trezise has told many stories about these legends. 8 a780 bLexile estimate 8 aR bRaz-Plus  aAboriginal vIndigenous xpicture book